Michael Graves / (Record no. 13547)

MARC details
000 -CABECERA
campo de control de longitud fija 00976nam a2200277 4500
003 - IDENTIFICADOR DEL NÚMERO DE CONTROL
campo de control OSt
005 - FECHA Y HORA DE LA ÚLTIMA TRANSACCIÓN
campo de control 20260530115315.0
008 - DATOS DE LONGITUD FIJA--INFORMACIÓN GENERAL
campo de control de longitud fija 260505b2002 cc |a||| |||| 00| 0 eng d
040 ## - FUENTE DE LA CATALOGACIÓN
Centro catalogador/agencia de origen ICI
Lengua de catalogación spa
Centro/agencia transcriptor ICI
041 ## - CÓDIGO DE LENGUA
Código de lengua del texto/banda sonora o título independiente eng
050 ## - SIGNATURA TOPOGRÁFICA DE LA BIBLIOTECA DEL CONGRESO
Número de clasificación NK1412.G73
Número de documento/Ítem I68
100 1# - ENTRADA PRINCIPAL--NOMBRE DE PERSONA
Nombre de persona Iovine, Julie V.,
Término indicativo de función/relación autor
9 (RLIN) 33478
245 10 - MENCIÓN DE TÍTULO
Título Michael Graves /
Mención de responsabilidad, etc. by Julie Iovine ; edited by Marisa Bartolucci + Raul Cabra
264 #1 - PRODUCCIÓN, PUBLICACIÓN, DISTRIBUCIÓN, FABRICACIÓN Y COPYRIGHT
Producción, publicación, distribución, fabricación y copyright San Francisco :
Nombre del de productor, editor, distribuidor, fabricante Chronicle Books,
Fecha de producción, publicación, distribución, fabricación o copyright c2002
300 ## - DESCRIPCIÓN FÍSICA
Extensión 96 páginas :
Otras características físicas hojas (algunas a color)
336 ## - TIPO DE CONTENIDO
Fuente rdacontent
Término de tipo de contenido texto
337 ## - TIPO DE MEDIO
Fuente rdamedia
Nombre/término del tipo de medio sin medio
338 ## - TIPO DE SOPORTE
Fuente rdacarrier
Nombre/término del tipo de soporte volumen
490 0# - MENCIÓN DE SERIE
Mención de serie Compact design portfolio
600 10 - PUNTO DE ACCESO ADICIONAL DE MATERIA--NOMBRE DE PERSONA
Nombre de persona Graves, Michael,
Fechas asociadas al nombre 1934-2015
9 (RLIN) 33479
650 0# - PUNTO DE ACCESO ADICIONAL DE MATERIA--TÉRMINO DE MATERIA
Término de materia o nombre geográfico como elemento de entrada Diseñadores
Subdivisión de forma Biografía
Subdivisión geográfica Estados Unidos
9 (RLIN) 33480
650 0# - PUNTO DE ACCESO ADICIONAL DE MATERIA--TÉRMINO DE MATERIA
Término de materia o nombre geográfico como elemento de entrada Artes decorativas diseñadas por arquitectos
Subdivisión general Historia
Subdivisión cronológica Siglo XX
Subdivisión geográfica Estados Unidos
9 (RLIN) 33481
700 1# - PUNTO DE ACCESO ADICIONAL--NOMBRE DE PERSONA
Nombre de persona Bartolucci, Marisa,
Término indicativo de función/relación editor
9 (RLIN) 33482
700 1# - PUNTO DE ACCESO ADICIONAL--NOMBRE DE PERSONA
Nombre de persona Cabra, Raul,
Término indicativo de función/relación editor
9 (RLIN) 33483
942 ## - ELEMENTOS DE PUNTO DE ACCESO ADICIONAL (KOHA)
Fuente del sistema de clasificación o colocación Library of Congress Classification
Suprimir en OPAC 1
Tipo de ítem Koha

No items available.